| 000 | 01049nam a2200265 a 4500 | ||
|---|---|---|---|
| 001 | 000029123 | ||
| 003 | DO-SdBNP | ||
| 005 | 20220127133836.0 | ||
| 007 | ta | ||
| 008 | 110413s2008 dr a 000 0 spa d | ||
| 040 |
_aDO-SdBNP _bspa _cBNPHU |
||
| 082 |
_aF- _bC755 |
||
| 110 | 2 |
_aCentro Nacional de Investigaciones en Salud Materno Infantil _955757 |
|
| 245 | 1 | 0 |
_aConsolidación de las estrategias de reducción de la transmisión vertical del virus de inmunodeficiencia humana en la República Dominicana (proyecto CENISMI-GLASER) / _cEditor Eddy Pérez Then. |
| 260 |
_aSanto Domingo : _bCENISMI, _c2008. |
||
| 300 |
_a18 p. ; : _bil. ; _c29 cm. |
||
| 490 | 1 | _aSerie de publicaciones técnicas | |
| 500 | _aIncluye referencias bibliográficas y notas al pie de las páginas | ||
| 590 | _aInventariado, 2022 / DG | ||
| 650 |
_aSINDROME DE INMUNODEFICIENCIA ADQUIRIDA _xPREVENCION _zREPUBLICA DOMINICANA _981031 |
||
| 700 | 1 |
_aPérez Then, Eddy _eed. _956028 |
|
| 830 | 0 |
_aReuniones técnicas _n1 _956033 |
|
| 910 | _aDG | ||
| 942 |
_2ddc _cLBS1 |
||
| 999 |
_c51243 _d51243 |
||